000 00241nam a22000857a 4500
999 _c10961
_d10961
008 180702b ||||| |||| 00| 0 eng d
100 _aGanguly, Anand
_96763
245 _aTeach yourself German
260 _aGerman
_bLearn to speak write german
_c2005